[Event "HUN-chT2 Asztalos 2223"]
[Site "Hungary"]
[Date "2023.02.19"]
[Round "6.9"]
[White "Horvath, Gergely1"]
[Black "Holczl, Attila"]
[Result "1/2-1/2"]
[WhiteElo "1872"]
[BlackElo "1911"]
[PlyCount "120"]
[EventDate "2022.11.20"]
[EventType "team-tourn"]
[EventRounds "10"]
[EventCountry "HUN"]
[SourceTitle "EXT 2025"]
[Source "ChessBase"]
[SourceDate "2024.10.14"]
[SourceVersion "1"]
[SourceVersionDate "2024.10.14"]
[SourceQuality "1"]
[WhiteTeam "Szentlorinc"]
[BlackTeam "Decs 1990"]
[WhiteTeamCountry "HUN"]
[BlackTeamCountry "HUN"]

1. d4 d5 2. c4 e6 3. Nc3 Nf6 4. g3 c6 5. cxd5 exd5 6. Bg2 Bf5 7. Bg5 Be7 8. Nf3 h6 9. Bf4 Ne4 10. 0-0 g5 11. Be5 f6 12. Bxb8 Rxb8 13. Nd2 Nxd2 14. Qxd2 Bb4 15. e4 Bxc3 16. bxc3 dxe4 17. Rae1 0-0 18. Bxe4 Bh3 19. Bg2 Bxg2 20. Kxg2 Qd5+ 21. Kg1 Rfe8 22. Qd3 Kg7 23. Re2 Rxe2 24. Qxe2 Qf7 25. Re1 Rd8 26. Qe3 b5 27. Qe4 Qd7 28. Qe7+ Kg6 29. Qc5 a6 30. Re7 Qd6 31. Qa7 Rg8 32. g4 f5 33. gxf5+ Kxf5 34. Re3 Kg6 35. Qxa6 Rf8 36. a4 bxa4 37. Qxa4 Qd5 38. Qc2+ Kg7 39. Re7+ Rf7 40. Rxf7+ Qxf7 41. Qe4 Qc4 42. Qe3 Kg6 43. Kg2 h5 44. Kf3 Kf5 45. Qe5+ Kg6 46. Qe8+ Kh6 47. Qe3 Kg6 48. Qe4+ Kg7 49. Qc2 Qd5+ 50. Ke2 Qc4+ 51. Kd2 Qf1 52. Qf5 Qg2 53. c4 h4 54. Kc3 h3 55. Qe5+ Kf7 56. Qg3 Ke6 57. Kb4 Kf5 58. d5 cxd5 59. cxd5 Qxd5 60. Qxh3+ Kg6 1/2-1/2

[Event "HUN-chT2 Asztalos 2223"]
[Site "Hungary"]
[Date "2022.11.20"]
[Round "1.9"]
[White "Holczl, Attila"]
[Black "Berczi, Gyula"]
[Result "1/2-1/2"]
[WhiteElo "1911"]
[BlackElo "1869"]
[PlyCount "77"]
[EventDate "2022.11.20"]
[EventType "team-tourn"]
[EventRounds "10"]
[EventCountry "HUN"]
[SourceTitle "EXT 2025"]
[Source "ChessBase"]
[SourceDate "2024.10.14"]
[SourceVersion "1"]
[SourceVersionDate "2024.10.14"]
[SourceQuality "1"]
[WhiteTeam "Decs 1990"]
[BlackTeam "Komlo Banyasz II"]
[WhiteTeamCountry "HUN"]
[BlackTeamCountry "HUN"]

1. d4 e6 2. Nf3 d5 3. Bf4 Nf6 4. e3 c5 5. c3 Nc6 6. Nbd2 h6 7. Bd3 Bd6 8. Bg3 cxd4 9. exd4 a6 10. Ne5 Qc7 11. f4 Ne7 12. h3 Nf5 13. Bh2 h5 14. Qe2 Qe7 15. g4 hxg4 16. hxg4 Nh4 17. g5 Nh5 18. 0-0-0 g6 19. Qg4 Nf5 20. Rde1 Bxe5 21. fxe5 Nhg7 22. Bf4 Rf8 23. Nb3 b6 24. Bd2 Bd7 25. Kb1 Ba4 26. Nc1 a5 27. b3 Bd7 28. Kb2 b5 29. a3 Bc6 30. Bc2 Qa7 31. Nd3 Ke7 32. Ra1 Qb6 33. b4 axb4 34. axb4 Rxa1 35. Rxa1 Rh8 36. Nc5 Ra8 37. Qg1 Qd8 38. Rxa8 Qxa8 39. Qa1 1/2-1/2

[Event "HUN-chT2 Asztalos 2122"]
[Site "Hungary"]
[Date "2022.03.20"]
[Round "8.9"]
[White "Holczl, Attila"]
[Black "Balint, Janos"]
[Result "1/2-1/2"]
[WhiteElo "1910"]
[BlackElo "1845"]
[PlyCount "35"]
[EventDate "2021.10.10"]
[EventType "team-tourn"]
[EventRounds "9"]
[EventCountry "HUN"]
[SourceTitle "EXT 2025"]
[Source "ChessBase"]
[SourceDate "2024.10.14"]
[SourceVersion "1"]
[SourceVersionDate "2024.10.14"]
[SourceQuality "1"]
[WhiteTeam "Decs 1990"]
[BlackTeam "Kaposvar Bastya"]
[WhiteTeamCountry "HUN"]
[BlackTeamCountry "HUN"]

1. d4 Nf6 2. Nf3 d5 3. Bf4 Bf5 4. e3 e6 5. Ne5 Bd6 6. Be2 Nbd7 7. g4 Bg6 8. h4 h6 9. Nxg6 fxg6 10. Bxd6 cxd6 11. Bd3 Nf8 12. Nd2 Qb6 13. Nb3 0-0-0 14. c3 e5 15. Rg1 e4 16. Be2 g5 17. h5 Ne6 18. Qd2 1/2-1/2

[Event "HUN-chT2 Asztalos 2122"]
[Site "Hungary"]
[Date "2022.02.27"]
[Round "7.10"]
[White "Ehrbar, Tibor"]
[Black "Holczl, Attila"]
[Result "1/2-1/2"]
[WhiteElo "1830"]
[BlackElo "1910"]
[PlyCount "21"]
[EventDate "2021.10.10"]
[EventType "team-tourn"]
[EventRounds "9"]
[EventCountry "HUN"]
[SourceTitle "EXT 2025"]
[Source "ChessBase"]
[SourceDate "2024.10.14"]
[SourceVersion "1"]
[SourceVersionDate "2024.10.14"]
[SourceQuality "1"]
[WhiteTeam "Nagyatad"]
[BlackTeam "Decs 1990"]
[WhiteTeamCountry "HUN"]
[BlackTeamCountry "HUN"]

1. e4 c5 2. Nf3 Nc6 3. Bb5 e6 4. 0-0 a6 5. Bxc6 bxc6 6. d3 Nf6 7. Re1 Be7 8. Bg5 d5 9. Nbd2 0-0 10. c3 Ne8 11. Bxe7 1/2-1/2

[Event "HUN-chT2 Asztalos 1819"]
[Site "Hungary"]
[Date "2018.11.18"]
[Round "2.10"]
[White "Boka, Robert"]
[Black "Holczl, Attila"]
[Result "1/2-1/2"]
[WhiteElo "1800"]
[BlackElo "1956"]
[PlyCount "72"]
[EventDate "2018.10.28"]
[EventType "team-tourn"]
[EventRounds "9"]
[EventCountry "HUN"]
[SourceTitle "CBM 189 Extra"]
[Source "ChessBase"]
[SourceDate "2019.05.31"]
[SourceVersion "1"]
[SourceVersionDate "2019.05.31"]
[SourceQuality "1"]
[WhiteTeam "Komlo"]
[BlackTeam "Decs 1990"]
[WhiteTeamCountry "HUN"]
[BlackTeamCountry "HUN"]

1. e4 c5 2. Nf3 Nc6 3. Bc4 e6 4. 0-0 a6 5. d4 cxd4 6. Nxd4 Qc7 7. Bb3 Nf6 8. Nc3 b5 9. Bg5 Be7 10. Bh4 b4 11. Bg3 d6 12. Nxc6 bxc3 13. Nxe7 Kxe7 14. e5 dxe5 15. bxc3 Qxc3 16. Re1 Rd8 17. Qc1 Bb7 18. Bxe5 Qc6 19. Qa3+ Rd6 20. Qxd6+ Qxd6 21. Bxd6+ Kxd6 22. Rad1+ Ke7 23. Re3 Rc8 24. h3 Rc5 25. g4 h5 26. Rd4 hxg4 27. hxg4 g6 28. Rb4 Nd5 29. Bxd5 Bxd5 30. c4 Rxc4 31. Rxc4 Bxc4 32. a4 Kf6 33. Re4 Bd5 34. Rf4+ Ke7 35. g5 e5 36. Rb4 Bf3 1/2-1/2

[Event "HUN-chT2 Asztalos 1718"]
[Site "Hungary"]
[Date "2018.05.06"]
[Round "9.10"]
[White "Holczl, Attila"]
[Black "Horvath, Ferenc"]
[Result "1-0"]
[WhiteElo "1986"]
[BlackElo "1552"]
[PlyCount "71"]
[EventDate "2017.10.29"]
[EventType "team-tourn"]
[EventRounds "9"]
[EventCountry "HUN"]
[SourceTitle "EXT 2021"]
[Source "ChessBase"]
[SourceDate "2020.10.23"]
[SourceVersion "1"]
[SourceVersionDate "2020.10.23"]
[SourceQuality "1"]
[WhiteTeam "Decs 1990"]
[BlackTeam "Kaposvar Bastya"]
[WhiteTeamCountry "HUN"]
[BlackTeamCountry "HUN"]

1. d4 g6 2. e4 Bg7 3. c4 e6 4. Nf3 c6 5. Nc3 Ne7 6. Bf4 d5 7. Qd2 dxe4 8. Nxe4 Nf5 9. g4 Nxd4 10. 0-0-0 0-0 11. Nxd4 e5 12. Ne2 Qxd2+ 13. Bxd2 Bxg4 14. Rg1 Bf3 15. N4c3 Na6 16. Bg2 Bg4 17. Be3 Be6 18. b3 f5 19. Rd6 Rfe8 20. f4 e4 21. Kb2 Nb4 22. Nc1 Bf8 23. Rdd1 b6 24. a3 Na6 25. Bd4 Bd6 26. Rgf1 Rad8 27. Bf6 Rd7 28. N1e2 Nc5 29. Nd4 Kf7 30. Bh4 Nd3+ 31. Rxd3 exd3 32. Bxc6 Bc5 33. Nxe6 Rxe6 34. Bxd7 Rd6 35. Ba4 Re6 36. Re1 1-0

[Event "HUN-chT2 Asztalos 1617"]
[Site "Hungary"]
[Date "2017.02.26"]
[Round "9.8"]
[White "Holczl, Attila"]
[Black "Palfi, Peter"]
[Result "1-0"]
[WhiteElo "2007"]
[BlackElo "1763"]
[PlyCount "43"]
[EventDate "2016.09.25"]
[EventType "team-tourn"]
[EventRounds "11"]
[EventCountry "HUN"]
[SourceTitle "EXT 2021"]
[Source "ChessBase"]
[SourceDate "2020.10.23"]
[SourceVersion "1"]
[SourceVersionDate "2020.10.23"]
[SourceQuality "1"]
[WhiteTeam "Decs 1990 II"]
[BlackTeam "Marcali"]
[WhiteTeamCountry "HUN"]
[BlackTeamCountry "HUN"]

1. d4 Nf6 2. Nf3 d6 3. Bf4 g6 4. e3 Bg7 5. Bc4 0-0 6. h3 h6 7. Nbd2 Nbd7 8. e4 e6 9. g4 Ne8 10. e5 d5 11. Bd3 c5 12. c3 b6 13. Rc1 a5 14. Qe2 Nc7 15. Qe3 Kh7 16. h4 f5 17. exf6 Nxf6 18. Ne5 Ne4 19. Nxe4 Bxe5 20. Bxe5 dxe4 21. Qxe4 Rg8 22. h5 1-0

[Event "HUN-chT2 Asztalos 1617"]
[Site "Hungary"]
[Date "2016.12.11"]
[Round "6.5"]
[White "Holczl, Attila"]
[Black "Magony, Tamas"]
[Result "1/2-1/2"]
[WhiteElo "2007"]
[BlackElo "2140"]
[PlyCount "29"]
[EventDate "2016.09.25"]
[EventType "team-tourn"]
[EventRounds "11"]
[EventCountry "HUN"]
[SourceTitle "EXT 2021"]
[Source "ChessBase"]
[SourceDate "2020.10.23"]
[SourceVersion "1"]
[SourceVersionDate "2020.10.23"]
[SourceQuality "1"]
[WhiteTeam "Decs 1990 II"]
[BlackTeam "Baja"]
[WhiteTeamCountry "HUN"]
[BlackTeamCountry "HUN"]

1. d4 Nf6 2. c4 e6 3. Nf3 b6 4. Nc3 Bb7 5. e3 Bb4 6. Bd2 0-0 7. Bd3 d6 8. a3 Bxc3 9. Bxc3 Nbd7 10. Qc2 Qe7 11. e4 e5 12. 0-0 Nh5 13. Rfe1 Nf4 14. Bf1 c5 15. dxc5 1/2-1/2

[Event "HUN-chT2 Asztalos 1617"]
[Site "Hungary"]
[Date "2016.11.13"]
[Round "4.6"]
[White "Szabo, Kristof"]
[Black "Holczl, Attila"]
[Result "1/2-1/2"]
[WhiteElo "2083"]
[BlackElo "2007"]
[PlyCount "35"]
[EventDate "2016.09.25"]
[EventType "team-tourn"]
[EventRounds "11"]
[EventCountry "HUN"]
[SourceTitle "EXT 2021"]
[Source "ChessBase"]
[SourceDate "2020.10.23"]
[SourceVersion "1"]
[SourceVersionDate "2020.10.23"]
[SourceQuality "1"]
[WhiteTeam "Fehervar"]
[BlackTeam "Decs 1990 II"]
[WhiteTeamCountry "HUN"]
[BlackTeamCountry "HUN"]

1. e4 c5 2. Nf3 Nc6 3. Nc3 e6 4. g3 a6 5. Bg2 Qc7 6. 0-0 b5 7. a4 b4 8. Ne2 Bb7 9. d4 cxd4 10. Nexd4 Nxd4 11. Qxd4 Nf6 12. e5 Bc5 13. Qh4 Nd5 14. Qg5 0-0 15. Bd2 Be7 16. Qg4 Qxc2 17. Rac1 Qg6 18. Qd4 1/2-1/2

[Event "HUN-chT2 Asztalos 1516"]
[Site "Hungary"]
[Date "2015.09.13"]
[Round "1.9"]
[White "Jager, Laszlo"]
[Black "Holczl, Attila"]
[Result "0-1"]
[WhiteElo "1854"]
[BlackElo "1974"]
[PlyCount "40"]
[EventDate "2015.09.13"]
[EventType "team-tourn"]
[EventRounds "11"]
[EventCountry "HUN"]
[SourceTitle "CBM 170 Extra"]
[Source "ChessBase"]
[SourceDate "2016.02.25"]
[SourceVersion "1"]
[SourceVersionDate "2016.02.25"]
[SourceQuality "1"]
[WhiteTeam "Baja Spartacus"]
[BlackTeam "Decs 1990 II"]
[WhiteTeamCountry "HUN"]
[BlackTeamCountry "HUN"]

1. e4 c5 2. Nf3 Nc6 3. d4 cxd4 4. Nxd4 a6 5. Be3 Qc7 6. Nc3 e6 7. Qd2 b5 8. Bd3 Bb7 9. f3 Nf6 10. 0-0-0 Ne5 11. Bf4 Nxd3+ 12. Qxd3 Qxf4+ 13. Kb1 Qc7 14. g4 Bb4 15. g5 Nh5 16. Nce2 g6 17. Nxe6 fxe6 18. Qd4 0-0 19. Qxb4 Rxf3 20. Ng3 Ng7 0-1

[Event "HUN-chT2 Asztalos 1415"]
[Site "Hungary"]
[Date "2014.11.30"]
[Round "3"]
[White "Varga, Zsolt"]
[Black "Holczl, Attila"]
[Result "1/2-1/2"]
[WhiteElo "2050"]
[BlackElo "1973"]
[PlyCount "32"]
[EventDate "2014.10.12"]
[EventType "team-tourn"]
[EventRounds "9"]
[EventCountry "HUN"]
[SourceTitle "EXT 2016"]
[Source "ChessBase"]
[SourceDate "2015.10.08"]
[SourceVersion "1"]
[SourceVersionDate "2015.10.08"]
[SourceQuality "1"]
[WhiteTeam "Pecs Karmin"]
[BlackTeam "Decs II"]
[WhiteTeamCountry "HUN"]
[BlackTeamCountry "HUN"]

1. e4 c5 2. f4 Qc7 3. d3 a6 4. Nf3 Nc6 5. c3 e6 6. Na3 b5 7. Nc2 Bb7 8. g3 Be7 9. Bg2 d6 10. 0-0 Nf6 11. Ne3 Rb8 12. Qe2 0-0 13. f5 Rbe8 14. fxe6 fxe6 15. Bh3 Bc8 16. Ng2 e5 1/2-1/2

[Event "HUN-chT2 Asztalos 1314"]
[Site "Hungary"]
[Date "2013.11.03"]
[Round "4"]
[White "Di Giovanni, Vilmos"]
[Black "Holczl, Attila"]
[Result "0-1"]
[WhiteElo "1806"]
[BlackElo "2005"]
[PlyCount "52"]
[EventDate "2013.09.08"]
[EventType "team-tourn"]
[EventRounds "9"]
[EventCountry "HUN"]
[SourceTitle "EXT 2016"]
[Source "ChessBase"]
[SourceDate "2015.10.08"]
[SourceVersion "1"]
[SourceVersionDate "2015.10.08"]
[SourceQuality "1"]
[WhiteTeam "MAV Elore"]
[BlackTeam "Decs 1990 II"]
[WhiteTeamCountry "HUN"]
[BlackTeamCountry "HUN"]

1. d4 d5 2. Nf3 Nd7 3. Bf4 e6 4. e3 Be7 5. Nbd2 c6 6. Bd3 Ngf6 7. Ne5 Nxe5 8. Bxe5 0-0 9. Qf3 g6 10. g4 Ne8 11. h4 f6 12. Bg3 e5 13. Be2 exd4 14. exd4 Be6 15. Qe3 Qd7 16. g5 Ng7 17. f4 Rae8 18. Nf3 Bb4+ 19. c3 Bg4 20. Qf2 Bd6 21. 0-0-0 Nh5 22. gxf6 Nxg3 23. Qxg3 Rxe2 24. Ne5 Qf5 25. Rd2 Rxd2 26. Kxd2 Bh5 0-1

[Event "HUN-chT2 Asztalos 1011"]
[Site "Hungary"]
[Date "2011.03.27"]
[Round "7.6"]
[White "Holczl, Attila"]
[Black "Hedl, Zoltan"]
[Result "1/2-1/2"]
[WhiteElo "1982"]
[BlackElo "1952"]
[PlyCount "67"]
[EventDate "2010.09.12"]
[EventType "team-tourn"]
[EventRounds "11"]
[EventCountry "HUN"]
[SourceTitle "EXT 2012"]
[Source "ChessBase"]
[SourceDate "2011.11.24"]
[SourceVersion "1"]
[SourceVersionDate "2011.11.24"]
[SourceQuality "1"]
[WhiteTeam "Dombovar"]
[BlackTeam "Baja"]
[WhiteTeamCountry "HUN"]
[BlackTeamCountry "HUN"]

1. d4 d5 2. Nf3 Nf6 3. Bg5 e6 4. e3 Be7 5. Bd3 c5 6. c3 c4 7. Bc2 Nc6 8. Nbd2 b5 9. b4 a5 10. a3 axb4 11. axb4 Bb7 12. 0-0 0-0 13. Qb1 h6 14. Bxf6 Bxf6 15. Rxa8 Qxa8 16. e4 Qa3 17. exd5 exd5 18. Qa1 Ra8 19. Qxa3 Rxa3 20. Re1 g6 21. Nb1 Ra2 22. Rc1 Bc8 23. Nbd2 g5 24. h3 h5 25. Nh2 g4 26. hxg4 hxg4 27. Nhf1 Bg5 28. g3 Nxd4 29. cxd4 c3 30. Bb3 Bxd2 31. Nxd2 Rxd2 32. Rxc3 Be6 33. Rc5 Rxd4 34. Rxb5 1/2-1/2

[Event "HUN-chT2 Asztalos 0910"]
[Site "Hungary"]
[Date "2010.05.02"]
[Round "11"]
[White "Horvath, Rudolf"]
[Black "Holczl, Attila"]
[Result "0-1"]
[WhiteElo "1951"]
[BlackElo "1995"]
[PlyCount "112"]
[EventDate "2009.11.08"]
[EventType "team-tourn"]
[EventRounds "11"]
[EventCountry "HUN"]
[SourceTitle "EXT 2011"]
[Source "ChessBase"]
[SourceDate "2010.11.26"]
[SourceVersion "1"]
[SourceVersionDate "2010.11.26"]
[SourceQuality "1"]
[WhiteTeam "Veszprem"]
[BlackTeam "Dombovar"]
[WhiteTeamCountry "HUN"]
[BlackTeamCountry "HUN"]

1. c4 e5 2. Nc3 Nf6 3. g3 c6 4. d4 exd4 5. Qxd4 d6 6. Bg2 Be6 7. e4 c5 8. Qd3 Nc6 9. b3 Be7 10. Nge2 Qd7 11. Nf4 Ne5 12. Qe2 0-0 13. Bb2 a6 14. Ncd5 Nxd5 15. cxd5 Bg4 16. f3 g5 17. Bxe5 gxf4 18. Bxf4 Bf6 19. Rc1 Bh5 20. Be3 Rfe8 21. 0-0 Bg7 22. g4 Bg6 23. h4 h5 24. Bh3 hxg4 25. Bxg4 f5 26. Bh3 Qf7 27. Qg2 Kh8 28. Kh1 Rg8 29. Bg5 Rae8 30. Rce1 Bc3 31. Re2 Qh7 32. e5 Bxe5 33. Rxe5 dxe5 34. Bf6+ Rg7 35. Bxg7+ Qxg7 36. Rg1 Rg8 37. Qg5 Bh7 38. Qe3 Qxg1+ 39. Qxg1 Rxg1+ 40. Kxg1 Kg7 41. Kf2 Kf6 42. Bf1 Ke7 43. a4 Kd6 44. Bc4 Bg6 45. Kg3 b5 46. axb5 axb5 47. Bxb5 Kxd5 48. Bc4+ Kd4 49. Be6 Ke3 50. Bd5 Bh5 51. Bc6 e4 52. fxe4 f4+ 53. Kh2 Bf3 54. Kg1 Bd1 55. Bd5 f3 56. Bc4 Be2 0-1

[Event "HUN-chT2 Asztalos 0910"]
[Site "Hungary"]
[Date "2010.03.21"]
[Round "8"]
[White "Holczl, Attila"]
[Black "Czimer, Jozsef"]
[Result "1/2-1/2"]
[WhiteElo "1995"]
[BlackElo "1845"]
[PlyCount "76"]
[EventDate "2009.11.08"]
[EventType "team-tourn"]
[EventRounds "11"]
[EventCountry "HUN"]
[SourceTitle "EXT 2011"]
[Source "ChessBase"]
[SourceDate "2010.11.26"]
[SourceVersion "1"]
[SourceVersionDate "2010.11.26"]
[SourceQuality "1"]
[WhiteTeam "Dombovar"]
[BlackTeam "Szekesfehervar"]
[WhiteTeamCountry "HUN"]
[BlackTeamCountry "HUN"]

1. d4 d5 2. Nf3 Bf5 3. Bf4 c6 4. c3 Nd7 5. e3 Ngf6 6. Ne5 Nxe5 7. Bxe5 e6 8. Nd2 Bd6 9. Bxd6 Qxd6 10. Be2 h5 11. Nf3 h4 12. Ne5 Nd7 13. Nxd7 Qxd7 14. Bd3 Bxd3 15. Qxd3 f5 16. f3 0-0-0 17. 0-0-0 Rh6 18. e4 fxe4 19. fxe4 Rf8 20. Rhf1 Rhf6 21. e5 Rxf1 22. Rxf1 Rxf1+ 23. Qxf1 Qe7 24. Qf4 Kd7 25. b4 Ke8 26. Kd2 b6 27. a3 c5 28. Qe3 c4 29. Qf4 a5 30. Qg4 Kf7 31. Qh5+ Kg8 32. Qg6 axb4 33. axb4 Qf7 34. Qxf7+ Kxf7 35. Ke3 Kg6 36. Kf4 Kh5 37. b5 g5+ 38. Kf3 Kh6 1/2-1/2

[Event "HUN-chT2 Asztalos 0910"]
[Site "Hungary"]
[Date "2010.02.28"]
[Round "7"]
[White "Holczl, Attila"]
[Black "Koppany, Tamas"]
[Result "1/2-1/2"]
[WhiteElo "1995"]
[BlackElo "2048"]
[PlyCount "134"]
[EventDate "2009.11.08"]
[EventType "team-tourn"]
[EventRounds "11"]
[EventCountry "HUN"]
[SourceTitle "EXT 2011"]
[Source "ChessBase"]
[SourceDate "2010.11.26"]
[SourceVersion "1"]
[SourceVersionDate "2010.11.26"]
[SourceQuality "1"]
[WhiteTeam "Dombovar"]
[BlackTeam "Nagyatad"]
[WhiteTeamCountry "HUN"]
[BlackTeamCountry "HUN"]

1. d4 d5 2. e3 Nf6 3. f4 Bf5 4. Bd3 e6 5. Nf3 Be7 6. 0-0 Ne4 7. Qe2 Nd7 8. Ne5 h5 9. Nd2 Ndf6 10. Bxe4 Nxe4 11. Qb5+ Kf8 12. Nxe4 Bxe4 13. Qxb7 Bxc2 14. Nc6 Qc8 15. Qxc8+ Rxc8 16. Nxa7 Ra8 17. Nc6 Ra6 18. Nxe7 Kxe7 19. Bd2 Rha8 20. a3 c6 21. Rfc1 Be4 22. Bb4+ Kd7 23. Rc3 f6 24. Rac1 Rg8 25. Kf2 g5 26. Rg1 h4 27. Rc5 g4 28. Ke2 Bf5 29. Ra5 Rxa5 30. Bxa5 Rb8 31. Bb4 Ra8 32. Kd2 Bg6 33. Kc3 Rd8 34. Bc5 Ra8 35. b3 Rb8 36. b4 Be4 37. a4 f5 38. Kb3 Bd3 39. Rd1 Bc4+ 40. Kc3 Ra8 41. Ra1 Bb5 42. Kb3 Bc4+ 43. Kb2 Kd8 44. Bd6 Kd7 45. Be5 Ke7 46. Bg7 Kf7 47. Bh6 Rh8 48. Bg5 h3 49. g3 Ra8 50. Bh4 Rb8 51. Kc3 Ra8 52. Ra3 Rb8 53. Bg5 Ra8 54. b5 cxb5 55. a5 Ke8 56. Kb4 Ra6 57. Bf6 Kd7 58. Rc3 Kc6 59. Be7 Ra8 60. Ra3 Ra6 61. Bc5 Kb7 62. Bb6 Kc6 63. Rc3 Ra8 64. Ra3 Ra6 65. Ra1 Be2 66. Ra2 Bc4 67. Rc2 Ra8 1/2-1/2